| 000 | 00853nam a22002537a 4500 | ||
|---|---|---|---|
| 003 | OSt | ||
| 020 | _a8183990738 | ||
| 082 |
_a338.1 _bSUB/IN |
||
| 100 | _aSubhash Chandra | ||
| 245 |
_aIntroduction to agricultural social sciences: _bagricultural economics, extension education and statistics |
||
| 250 | _a2 | ||
| 260 |
_aNew Delhi _bNew Vishal Publications _c2017 |
||
| 300 | _a776p. | ||
| 500 | _aA complete package for undergraduate and postgraduate courses, various competitive examinations such as JRF, SRF, PhD, NET/ARS, UPSC, state level PCS, etc. | ||
| 546 | _aEnglish | ||
| 650 | _aAgricultural economics | ||
| 650 | _aMacroeconomics | ||
| 650 | _aAgricultural finance | ||
| 650 | _aAgricultural marketing | ||
| 650 | _aInternational economics | ||
| 700 | _aSuresh Kumar | ||
| 700 | _aKailash Chand Bairwa | ||
| 942 |
_2ddc _cBK |
||
| 999 |
_c160396 _d160396 |
||